Mircea Eliade egykor és ma centenáriumi tisztelgés

Elmentve itt :
Bibliográfiai részletek
Corporate Authors: Szegedi Tudományegyetem Bölcsészettudományi Kar Vallástudományi Tanszék
Mircea Eliade egykor és ma
További közreműködők: Básti Ágnes
Máté-Tóth András
Adatforrás:Philobibl
Dokumentumtípus: Könyv
Nyelv:magyar
Kulcsszavak:valláselmélet
Eliade, Mircea
Megjelent: Szeged Belvedere Meridionale 2008
LEADER 00808nam a2200181 cr4500
001 bibPHI0037713
005 20200924123840.6
008 080827s2008 hu a f hun d
245 0 0 |a Mircea Eliade egykor és ma  |b centenáriumi tisztelgés  |c [szerk. Básti Ágnes, Máté-Tóth András] 
260 |a Szeged  |b Belvedere Meridionale  |c 2008 
300 |a 151, [1] p. 
500 |a A Szegedi Tudományegyetem Bölcsészettudományi Karának Vallástudományi Tanszéke által 2007-ben, azonos címmel rendezett konferencia előadásainak szerkesztett anyaga 
695 |a valláselmélet 
695 |a Eliade, Mircea 
700 1 |a Básti Ágnes 
700 1 |a Máté-Tóth András 
710 2 |a Szegedi Tudományegyetem  |b Bölcsészettudományi Kar  |b Vallástudományi Tanszék 
711 2 |a Mircea Eliade egykor és ma  |d 2007  |c Szeged